V kine Tatra chcú väčší komfort, očalúnia sedadlá

Bibliographic Details
Format: Article
Language:Slovak
ISSN:1335-7573
Subjects:

MARC

LEADER 00000nab a2200000 ar4500
001 vtls008844900
003 SK-MaSNL
005 20260303062056.0
008 060906c20040630xo dr|n|||||||000 b|slo
015 |a SLLK2004  |2 sllk 
038 |a SLLK 
040 |a SLLK  |b slo  |c sllk  |e AACR2 
041 0 |a slo 
044 |a xo  |c SK 
080 |a 791.45  |2 1997 
245 0 0 |a V kine Tatra chcú väčší komfort, očalúnia sedadlá  |c [autor] (olo) 
610 2 7 |a Kino Tatra (Stará Ľubovňa, Slovensko)  |2 snkbucl  |9 872755 
610 2 7 |a Centrum voľného času (Stará Ľubovňa, Slovensko)  |2 snkbucl  |9 59256 
650 0 7 |a kiná  |x rekonštrukcie  |2 snkbucl  |9 1057267 
651 7 |a Stará Ľubovňa (Slovensko)  |2 snkbucl  |9 19193 
773 0 |t Tatranský denník Korzár  |g Roč. VI, č. 150 (30. 6.2004) s. 1  |x 1335-7573 
852 |a SLLK  |b KIS3GCP 
999 |c 1737882  |d 1739812